000 00676cam a22002293a 4500
001 31233
003 PGUSA
005 20140828083657.0
008 100208s2010||||xxu|||||s|||||000 1 eng d
040 _aPGUSA
_beng
042 _adc
050 4 _aPT
100 1 _aEbner-Eschenbach, Marie von,
_d1830-1916
245 1 0 _aRittmeister Brand; Bertram Vogelweid :
_bZwei Erzählungen
_h[electronic resource] /
_cMarie von Ebner-Eschenbach
260 _bProject Gutenberg,
_c2010
506 _aPublic domain in the USA.
516 _aElectronic text
653 _aFiction
830 0 _aProject Gutenberg
_v31233
856 4 0 _uhttp://www.gutenberg.org/ebooks/31233
942 _cEB
999 _c260488
_d260488